| 000 | 01225cam a2200325 a 4500 | ||
|---|---|---|---|
| 001 | 1545114 | ||
| 003 | OSt | ||
| 005 | 20230916153941.0 | ||
| 008 | 910211s1991 nyuab b 000 0 eng | ||
| 010 | _a 91052624 | ||
| 020 | _a9780670098125 | ||
| 020 |
_a0394554795 : _c$24.00 ($30.00 can.) |
||
| 040 |
_aDLC _cDLC _dDLC |
||
| 043 | _aa-ii--- | ||
| 050 | 0 | 0 |
_aGR305 _b.F648 1991 |
| 082 | 0 | 0 |
_a398.20954 _bRAM/F |
| 245 | 0 | 0 |
_aFolktales from India : _ba selection of oral tales from twenty-two languages / _cselected and edited by A.K. Ramanujan. |
| 250 | _a1st ed. | ||
| 260 |
_aNew York : _bPantheon Books, _cc1991. |
||
| 300 |
_a419 p. : _bill., map ; _c25 cm. |
||
| 490 | 1 | _aPantheon fairy tale and folklore library | |
| 504 | _aIncludes bibliographical references. | ||
| 650 | 0 |
_aTales _zIndia. |
|
| 650 | 0 |
_aOral tradition _zIndia. |
|
| 700 | 1 |
_aRamanujan, A. K., _d1929-1993. |
|
| 830 | 0 | _aPantheon fairy tale & folklore library. | |
| 906 |
_a7 _bcbc _corignew _d1 _eocip _f19 _gy-gencatlg |
||
| 942 |
_2ddc _cBK _h398.20954 _iRAM/F _k398.20954 _mRAM/F |
||
| 999 |
_c42190 _d42190 |
||